Report of Council 1913, and a paper on trades unionism for professionals by A Burnaby Howes. (Record no. 99798)

MARC details
000 -LEADER
fixed length control field 00457cam a22001575a 4500
001 - CONTROL NUMBER
control field J100749
008 - FIXED-LENGTH DATA ELEMENTS--GENERAL INFORMATION
fixed length control field 000000s1913 xxk 000 0 eng u
035 ## - SYSTEM CONTROL NUMBER
System control number (Sirsi) u100749
110 ## - MAIN ENTRY--CORPORATE NAME
Corporate name or jurisdiction name as entry element Quantity Surveyors' Association
9 (RLIN) 3787
245 ## - TITLE STATEMENT
Title Report of Council 1913, and a paper on trades unionism for professionals by A Burnaby Howes.
260 ## - PUBLICATION, DISTRIBUTION, ETC.
Date of publication, distribution, etc. 1913
300 ## - PHYSICAL DESCRIPTION
Extent 79p.
651 #4 - SUBJECT ADDED ENTRY--GEOGRAPHIC NAME
Geographic name United Kingdom
Chronological subdivision
690 ## - LOCAL SUBJECT ADDED ENTRY--TOPICAL TERM (OCLC, RLIN)
Topical term or geographic name as entry element Quantity surveying
9 (RLIN) 6263
942 ## - ADDED ENTRY ELEMENTS (KOHA)
Suppress in OPAC 0
Holdings
Withdrawn status Lost status Source of classification or shelving scheme Damaged status Not for loan Home library Current library Shelving location Date acquired Total Checkouts Full call number Barcode Date last seen Copy number Price effective from Koha item type
    Dewey Decimal Classification     Historic collection Historic collection RICS Boxes 22/10/1999   RICS 1913 30059646 06/08/2019 1 06/08/2019 Archive